| 000 | 00385nam a2200157Ia 4500 | ||
|---|---|---|---|
| 005 | 20250321051517.0 | ||
| 008 | 240331s9999 xx 000 0 und d | ||
| 020 | _a9559529854 | ||
| 082 |
_bJAY _a920 |
||
| 100 | _aJayakody,S | ||
| 245 | 0 | _aDensil Kombakaduwa | |
| 260 |
_aSri Lanka _bSuper print _c1994 |
||
| 300 | _a209 p ., | ||
| 500 | _aA Story of Densil Kombakaduwa | ||
| 942 | _cL | ||
| 999 |
_c5289 _d5289 |
||